000 00303nam a2200121 i 4500
001 bg
245 0 _aProgram studiów magisterskich dla kierunku:Techniki Wytwarzania...
260 _aCzęstochowa,
_c1975.
040 _cBPK
041 _apol
942 _cKS
008 s pl f |000 0 pol
999 _c16762
_d16762
856 _uhttp://koha.tu.koszalin.pl/cgi-bin/koha/opac-detail.pl?biblionumber=16762
_yKatalog online BPK